000 00626nam a2200193Ii 4500
003 JO-AjNU
008 230605s9999||||xx |||||||||||||| ||und||
040 _aJO-AjNU
_bara
_erda
_cJO-AjNU
041 _aara
050 1 4 _aPJ7812.M6.M8 1990
100 3 _aتأليف العلي،محمد إبراهيم,
_eauthor
_920424
245 0 0 _aالمخاتير: رواية المرابي، الجزء الثاني
264 3 1 _aد.ن
300 _aج2، 301ص
336 _atext
_btxt
_2rdacontent
337 _aunmediated
_bn
_2rdamedia
338 _avolume
_bnc
_2rdacarrier
650 4 _aالأدب العربي - روايات
_920425
999 _aA6920
_c10488
_d10488